El príncipe y otros escritos / (Registro nro. 4384)

Detalles MARC
000 -LEADER
fixed length control field 00807nam a2200229Ia 4500
003 - CONTROL NUMBER IDENTIFIER
control field OSt
005 - DATE AND TIME OF LATEST TRANSACTION
control field 20200326164254.0
008 - FIXED-LENGTH DATA ELEMENTS--GENERAL INFORMATION
fixed length control field 191128q1990 ck gr 000 0 spa d
040 ## - CATALOGING SOURCE
Original cataloging agency CO-JMCR
Transcribing agency CO-JMCR
041 0# - LANGUAGE CODE
Language code of text/sound track or separate title spa
082 04 - DEWEY DECIMAL CLASSIFICATION NUMBER
Classification number 320.1 /
Item number M297m1
Edition number 21
100 1# - MAIN ENTRY--PERSONAL NAME
Personal name Maquiavelo, Nicolás,
Relator term autor
9 (RLIN) 1983
245 13 - TITLE STATEMENT
Title El príncipe y otros escritos /
Remainder of title Maquiavelo ; prólogo Esteban Molist Pol
260 ## - PUBLICATION, DISTRIBUTION, ETC.
Place of publication, distribution, etc. Bogotá :
Name of publisher, distributor, etc. Universales,
Date of publication, distribution, etc. [199?]
300 ## - PHYSICAL DESCRIPTION
Extent 193 páginas ;
Dimensions 17 cm.
505 0# - FORMATTED CONTENTS NOTE
Formatted contents note El príncipe -- Discursos sobre las décadas de Tito Livio -- El arte de la guerra y máximas sobre esta
650 14 - SUBJECT ADDED ENTRY--TOPICAL TERM
Topical term or geographic name entry element Ciencia política
General subdivision ética
9 (RLIN) 1984
650 14 - SUBJECT ADDED ENTRY--TOPICAL TERM
Topical term or geographic name entry element Poder
General subdivision política
9 (RLIN) 1985
650 24 - SUBJECT ADDED ENTRY--TOPICAL TERM
Topical term or geographic name entry element Ciencias sociales
9 (RLIN) 1986
700 1# - ADDED ENTRY--PERSONAL NAME
Personal name Molist Pol, Esteban,
Relator term próloguista
9 (RLIN) 1987
942 ## - ADDED ENTRY ELEMENTS (KOHA)
Source of classification or shelving scheme Dewey Decimal Classification
Koha item type Books
Existencias
Withdrawn status Lost status Source of classification or shelving scheme Damaged status Not for loan Collection code Home library Current library Date acquired Source of acquisition Cost, normal purchase price Full call number Barcode Date last seen Copy number Koha item type Price effective from
    Dewey Decimal Classification     Non-fiction Biblioteca Pública José María del Castillo y Rada Biblioteca Pública José María del Castillo y Rada 04/15/2018 Donación 0.00 320.1 / M297m 201811417 05/16/2024 Ej.1 Books  
    Dewey Decimal Classification     Non-fiction Biblioteca Pública José María del Castillo y Rada Biblioteca Pública José María del Castillo y Rada 04/15/2018 Donación 0.00 320.1 / M297m 201811416 05/16/2024 Ej.2 Books 01/22/2021